Responses for show #2500 - Friday, June 16, 1995

Jim Vercolen game 4.

Contestants

Tim Wood, a graduate student from Philadelphia, Pennsylvania

Steven Meyer, an attorney from Middletown, Connecticut

Jim Vercolen, a part-time teacher from Rochester, New York (whose 3-day cash winnings total $33,500)

Jeopardy! Round responses

CONNECTICUT
MOVIES
MUSEUMS
HISTORY
BREAKFAST CEREALS
COWBOY TALK
    $100 5
Yale

Jim
    $100 10
Mary Poppins

Steven
    $100 13
Stockholm

Steven
    $100 2
Egypt

Jim
    $100 20
Wheaties

Tim
    $100 1
dude

Tim
    $200 7
bell

Steven
    $200 23
Groundhog Day

Jim
    $200 14
La Brea Tar Pits

Steven
    $200 3
Rome

Steven
    $200 21
Trix

Tim
    $200 16
dogie (doggie)

Tim
    $300 8
Lourdes

Jim
    $300 24
The Client

Tim
    $300 15
(Steven: What is San Marino?)

Vatican (Vatican City)

JimSteven
    $300 4
Kublai Khan

Steven
    $300 22
Total

Jim
    $300 17
rodeo

Jim
    $400 11
Mystic

Tim
    $400 25
True Lies

Steven
    $400 18
Beatrix Potter

Steven
    $400 6
Hammurabi

Steven
    $400 29
Life

Tim
    $400 27
buffaloed

Jim
    $500 12
Charter Oak

Steven
    $500 26
Body Heat

Steven
    $500 19
Fabergé

Tim
    $500 9
(Jim: What is Kenya?)

Afghanistan

Jim
    $500 30
Norman Rockwell

Jim
    $500 28
firewater

Jim

Scores at the first commercial break (after clue 15):

Jim Steven Tim
$300 $1,700 $500

Scores at the end of the Jeopardy! Round:

Jim Steven Tim
$2,500 $3,000 $2,200

Double Jeopardy! Round responses

ARCHITECTURE
ADMIRALS
MUSIC APPRECIATION
FOREIGN CURRENCY
FAMOUS WOMEN
LITERATURE
    $200 1
Oslo

Jim
    $200 8
Bligh

Steven
    $200 17
Switzerland

Jim
    $200 20
gold

Jim
    $200 7
Anne Sullivan

Steven
    $200 2
Three Musketeers

Jim
    $400 10
(Steven: What is China?)
(Tim: What is Mongolia?)

India

StevenTim
Triple Stumper
    $400 9
Maximilian

Tim
    $400 18
xylophone & marimba

Jim
    $400 26
ruble

Jim
    $400 21
(Steven: Who is Lillie Langtry?)
(Tim: Who is Lillian Gish?)

Lillian Russell

StevenTim
Triple Stumper
    $400 3
Casino Royale

Jim
    $600 11
I.M. Pei

Jim
    $600 12
National Security Advisor

Tim
    $600 19
George Gershwin

Steven
    $600 27
Slovakia

Steven
    $600 22
tennis

Steven
    $600 4
All the King's Men

Triple Stumper
    $800 13
Smithsonian

Tim
    $800 15
Dewey

Jim
    $500 25
(Steven: What is "The Wedding March?")

"Oh Promise Me"

Steven
    $800 28
Brunei

Tim
    $800 23
(Steven: Who is Juliana?)

Beatrix

StevenTim
    $800 5
Thomas Wolfe

Jim
    $1000 14
Carolingian

Steven
    $1000 16
James II

Jim
    $1000 30
Richard Wagner

Triple Stumper
    $2,000 29
(Tim: What is Malta?)

Cyprus

Tim
    $1000 24
Makarova

Steven
    $1000 6
(Nathaniel) Hawthorne

Jim

Scores at the end of the Double Jeopardy! Round:

Jim Steven Tim
$8,700 $5,100 $2,800

[wagering suggestions for these scores]

Final Jeopardy! Round responses

THE WINTER OLYMPICS
TimWhat is Ukraine?
$2,400
StevenWhat is Japan?
$2,101
JimWhat is Belorussia Georgia
$2,000
Ukraine

Final scores:

Jim Steven Tim
$6,700 $2,999 $5,200
4-day champion: $40,200 3rd place: Cutco set of 7 kitchen knives + Jeopardy! Sports Edition for computer or Super Nintendo Entertainment System 2nd place: Gateway 2000 family PC & Dorling Kindersley gift certificate for books + Jeopardy! Sports Edition for computer or Super Nintendo Entertainment System

Game dynamics:

Coryat scores:

Jim Steven Tim
$9,200 $5,600 $4,800
22 R,
1 W
(including 1 DD)
18 R,
5 W
(including 1 DD)
13 R,
3 W
(including 1 DD)

Combined Coryat: $19,600

The J! Archive is created by fans, for fans. The Jeopardy! game show and all elements thereof, including but not limited to copyright and trademark thereto, are the property of Jeopardy Productions, Inc. and are protected under law. This website is not affiliated with, sponsored by, or operated by Jeopardy Productions, Inc. Join the discussion at JBoard.tv.